000
00248nam a22001097a 4500
003
OSt
008
241223b |||||||| |||| 00| 0 eng d
041
_a
eng
100
_a
Rangwala, SC
_9
6521
245
_a
Principles of Railway Engineering
942
_c
BK
999
_c
18715
_d
18715